000 00739nam a2200265 a 4500
008
020 _a0198511736 (pbk.)
049 _aMAIN
090 _aQC522
_bBLE
100 1 _aBleaney, B.I.
245 1 0 _aElectricity and magnetism /
_cB.I. Bleaney and B. Bleaney.
260 _aNew York :
_bOxford university press,
_c1976.
300 _a3rd ed.
300 _avi, 750p. :
_bill. ;
_c23cm.
504 _aIncludes bibliographical references.
500 _aIncludes index.
650 _aMagnetism.
650 1 _aElectricity.
700 _aBleaney, B.
907 _a.b10178594
_b13-02-13
_c06-10-05
003
005 20230123134122.0
040 _cNUST
942 _cBOOKS
_kQC522
_mBLE
999 _c160369
_d160369